000 00380nam a2200133Ia 4500
005 20260328101506.0
008 260328s9999||||xx |||||||||||||| ||und||
100 _aNeutra, Richard
245 0 _aRichard Neutra on Building :
_b Mystery & realities of the site /
_cRichard Neutra
260 _bMorgan & Morgan Publishers
300 _a64 p.
650 _aNeutra, Richard
942 _cBK
999 _c9019
_d9019